000 00300nam a22001337a 4500
008 170220b xxu||||| |||| 00| 0 eng d
020 _a9781418000752
041 _aeng
080 _a615
100 _a5
101 _aSHF
245 _aPHARMACEUTICAL CALCULATIONS PHARMACY
_cJ.MOINI
942 _2udc
_cBK
999 _c5867
_d5867